00604nam a2200193 a 4500008004100000020002300041100002700064245004700091250001200138260004100150300004700191440006500238500002000303504004100323650001900364003000100383005001700384040000900401  a0697078922 (cased) aVan de Graaff, Kent M. aHuman anatomy /cby Kent M. Van de Graaff. a3rd ed. aDubuque, Ia. :bWm. C. Brown,c1992. axvii, 805 p. :bill. (some col.) ;c29 cm. aPrefixes and suffixes of anatomical and medical terminology. aIncludes index. aIncludes bibliographical references. aHuman anatomy.20230123133522.0 cNUST